|
|
|
|
| LEADER |
00937nam a2200253 i 4500 |
| 001 |
c000035215 |
| 003 |
CARM |
| 005 |
00000000000000.0 |
| 008 |
760130s1976 nyu b 00100 eng |
| 019 |
1 |
|
|a 168474
|z 21700178
|5 LACONCORD2021
|
| 020 |
|
|
|a 012398565X
|
| 035 |
|
|
|a (OCoLC)2181121
|5 LACONCORD2021
|
| 050 |
0 |
0 |
|a QA224
|b .S85
|
| 245 |
0 |
0 |
|a Studies in spline functions and approximation theory /
|c [edited by] Samuel Karlin ... [et al.].
|
| 260 |
|
|
|a New York :
|b Academic Press,
|c 1976.
|
| 300 |
|
|
|a xii, 500 p. ;
|c 24 cm.
|
| 504 |
|
|
|a Includes bibliographies and index.
|
| 650 |
|
0 |
|a Spline theory.
|
| 650 |
|
0 |
|a Approximation theory.
|
| 700 |
1 |
|
|a Karlin, Samuel,
|d 1923-
|
| 852 |
8 |
|
|b CARM
|h A2:AK02F0
|i C03956
|p 0201304
|f BK
|
| 082 |
0 |
4 |
|a 511/.4
|
| 999 |
f |
f |
|i 387a66fa-6581-5ade-8ae0-09214a8d7f89
|s 7e3d42d1-8adc-5af9-ab20-d6eff979c5e9
|
| 952 |
f |
f |
|p Can circulate
|a CAVAL
|b CAVAL
|c CAVAL
|d CARM 1 Store
|e C03956
|f A2:AK02F0
|h Other scheme
|i book
|m 0201304
|